Statistics for Born in Amsterdam

Click here to take the quiz!

General Stats

  • This quiz has been taken 16 times
    (8 since last reset)
  • The average score is 8 of 27

Answer Stats

HintAnswer% Correct
Football legend, Amsterdam Arena was renamed after him, (Ajax and Barcelona)1947Johan Cruyff
88%
Former footballer who played for Arsenal, Ajax and the Dutch national team1969Dennis Bergkamp
63%
Former captain of the Netherlands national team (Milan, Eindhoven, Feyenoord)1962Ruud Gullit
63%
Dutch-American drummer of Van Halen1953Alex van Halen
50%
Billionaire and part-owner of the world's second-largest brewer, she is the richest person in the Netherlands1954Charlene de Carvalho-Heineken
50%
Dutch-American main songwriter and guitarist of Van Halen1955Eddie van Halen
50%
Former footballer (Ajax, Milan and Dutch national team) and Coach (Netherlands, Barcelona)1962Frank Rijkaard
50%
Head Coach of the Netherlands national team1951Louis van Gaal
38%
DJ and music producer, "Animals" "In the Name of Love"1996Martin Garrix
38%
Former footballer who played for Manchester City, Hamburg, Milan and the Dutch national team1984Nigel de Jong
38%
FIFA Coach of the Century, Inventor of "Total Football" (Ajax, Barcelona and Dutch national team)1928Rinus Michels
38%
Footballer who plays for Ajax and the Dutch national team (former player for Tottenham and PSV)1997Steven Bergwijn
38%
Footballer who plays for Ajax and the Dutch national team1990Daley Blind
25%
Footballer who plays for Bayer Leverkusen and the Dutch national team2000Jeremie Frimpong
25%
Former footballer who played for Barcelona, Ajax, Milan and the Dutch national team1976Patrick Kluivert
25%
Director, "RoboCop" "Total Recall" "Basic Instinct"1938Paul Verhoeven
25%
Footballer who played for Liverpool, Ajax, Galatasaray and the Dutch national team1986Ryan Babel
25%
Dutch Prime Minister from 1948 to 19581886Willem Drees
25%
Footballer who plays for PSV and the Dutch national team (former player for Paris Saint-Germain)2003Xavi Simons
25%
Singer, "A Night Like This" "Tangled Up"1981Caro Emerald
13%
Billionaire, co-founder of Endemol and founder of Stage Entertainment1942Joop van den Ende
13%
Cyclist for the Team BikeExchange-Jayco1993Dylan Groenewegen
0%
Author, "Karakter" "Blokken"1884Ferdinand Bordewijk
0%
Winner of the Nobel Prize in Physics for his invention of the phase-contrast microscope1888Frits Zernike
0%
Secretary General of NATO from 2004 to 20091948Jaap de Hoop Strater
0%
Meteorologist, who was awarded the Nobel Prize in Chemistry1933Paul J. Crutzen
0%
Legal scholer and winner of the Nobel Peach Prize for establishing the Hague Conference on Private International Law1838Tobias Asser
0%

Score Distribution

Percentile by Number Answered

Percent of People with Each Score

Your Score History

You have not taken this quiz since the last reset